| 000 | 00746nam a2200217Ia 4500 | ||
|---|---|---|---|
| 003 | GCL | ||
| 008 | 140319s9999 xx 000 0 ara d | ||
| 040 |
_aGCL / _cGCL |
||
| 082 | 0 | 4 |
_a701.18 _bن ح |
| 100 | 1 | _aفخرى خليل (مترجم) | |
| 245 | 1 | 0 |
_aحوار الرؤية مدخل الى تذوق الفن والتجربة الجمالية / _cفخرى خليل (مترجم) |
| 700 | 1 | _aنوبلر , ناثان | |
| 700 | 1 | _aجبرا ابراهيم جبرا (مراجع) | |
| 260 |
_aبيروت : _bالمؤسسة العربية للدراسات والنشر ، _c1992 |
||
| 300 |
_a260 ص ؛ _c24 سم |
||
| 490 | _a | ||
| 650 | 0 | 4 | _aالفلسفة |
| 650 | 0 | 4 | _aالفن |
| 650 | 0 | 4 | _aالتذوق الفنى |
| 942 |
_2ddc _cBK |
||
| 999 |
_c39868 _d39868 |
||